000 00682nam a2200193Ia 4500
008 090124s9999 xx 000 0 und d
082 _b44032
100 _aजोशी जीवराम
245 _a मियॉ फुसकी जादुची वाटी
250 _a0
260 _bअनमोल प्रकाशन
_c2000
300 _a62
600 _aजोशी जीवराम
630 _a मियॉ फुसकी जादुची वाटी
700 _aवर्टीकर मनोहर
700 _aजोशी जीवराम
730 _a मियॉ फुसकी जादुची वाटी
942 _cBOOK
999 _c110263
_d110263